Castell de Boixadors : Sant Pere Sallavinera : memòria d'arqueologia i història / coordinació: Albert López Mullor ; autors: Ainhoa Pancorbo Picó ... [et al.] ; fotografies: Ainhoa Pancorbo Picó ... [et al.] Sant Pere Sallavinera :
MARC
| LEADER | 00000nam a2200000Ia 4500 | ||
|---|---|---|---|
| 001 | 21043 | ||
| 008 | 160829s2008 xx 000 0 cat d | ||
| 020 | |a 978-84-9803-253-6 | ||
| 080 | |a H-3-73 | ||
| 245 | |a Castell de Boixadors : |b Sant Pere Sallavinera : |b memòria d'arqueologia i història / coordinació: |b Albert López Mullor ; autors: |b Ainhoa Pancorbo Picó ... [et al.] ; fotografies: |b Ainhoa Pancorbo Picó ... [et al.] | ||
| 260 | |a Barcelona : |b Diputació de Barcelona. Servei de Patrimoni Arquitectònic Local (SPAL), |c 2008 | ||
| 300 | |a 455 p. : |b fot. ; |c 30 cm | ||
| 490 | |a Documents de Treball. Recursos culturals ; 8 | ||
| 590 | |a Bibliografia | ||
| 650 | |a Excavacions arqueològiques |x Sant Pere Sallavinera |9 46281 | ||
| 650 | |a Sant Pere Sallavinera |x Història local |9 46282 | ||
| 650 | |a Castell de Boixadors |x Conservació i restauració |9 46283 | ||
| 700 | |a López Mullor, Albert, |d 1952-2017 |e coordinador |9 25071 | ||
| 700 | |a Pancorbo Picó, Ainhoa, fot. |9 46284 | ||
| 710 | |a Barcelona (Catalunya : Província). |b Servei de Patrimoni Arquitectònic Local |9 19202 | ||
| 901 | |a Arxiu | ||
| 942 | |n 1 |2 udc | ||
| 952 | |0 0 |1 0 |4 0 |6 H373 |7 1 |9 53128 |a Arxiu |b Arxiu |d 2016-12-01 |l 0 |o H-3-73 |p 21043 |r 2016-12-01 00:00:00 |w 2016-12-01 |y ARXIU | ||
| 999 | |c 56977 |d 56977 | ||